| 000 | 00751cab a2200229 4500 | ||
|---|---|---|---|
| 001 | WB3340-30 | ||
| 008 | 090401t1997 xxu||||| |||| 00| 0 eng d | ||
| 035 | _a(Sirsi) u81476 | ||
| 041 | _aeng | ||
| 245 | _aRural building | ||
| 260 | _c1997 | ||
| 350 | _a0 | ||
| 490 |
_aTimes _v15 October 1997, 9(1) |
||
| 520 | _aThe new PPG7 could lead to an increase in the building of large country houses. Paragraph 3.21 allows isolated dwellings of high quality if the local planning authority is convinced of the merits of the architectural design. | ||
| 650 | _aCOUNTRY HOUSES | ||
| 650 | _aCOUNTRYSIDE POLICY | ||
| 650 | _aPLANNING POLICY | ||
| 650 | _aPPG7 REVISED | ||
| 690 | _aPLANNING LAW AND PRACTICE | ||
| 942 | _n0 | ||
| 948 | _c16/10/1997 | ||
| 999 |
_c51332 _d51332 |
||